000 00698nam a2200241Ia 4500
003 OSt
005 20220923224334.0
006 a|||||r|||| 00| 0
007 ta
008 Pun
024 _a231,443
037 _cTextual
040 _aARTS
_cARTS
_bPun
041 _2Pun
_aPun
082 _aO153:f4, L6
100 _aਹਰਸਰਨ ਸਿੰਘ
245 0 _aਟੇਬਲ ਟਾਕ
_b ਸਾਹਿਤਕ ਚਬਚਾ
260 _aਜਲੰਧਰ
_b ਕੇ ਲਾਲ ਐਜ਼ਡ ਕੰਪਨੀ
_c1976
300 _a188ਪੰ
_ccm.
650 _aਪੰਜਾਬੀ ਸਾਹਿਤ
942 _hO153:f4, L6
_cTEXL
_2CC
999 _c370797
_d370797